| 000 | 00469cam a22001217a 4500 | ||
|---|---|---|---|
| 008 | 180718b xxu||||| |||| 00| 0 eng d | ||
| 082 | _aT000x547 55d/Ass-5 | ||
| 100 | _aSadeque, A. | ||
| 245 |
_aOutlines of a plan for the harmonous economic development of Pakistan _cby A. Sadeque |
||
| 260 |
_aDacca _bProvincial Statistical Board and Bureau of Commerical and Intelligence _c |
||
| 300 | _a101p. | ||
| 440 | _aSeries no. V of - an analytical study of the draft five year plan | ||
| 999 |
_c496747 _d496747 |
||